|
|
|
|
| LEADER |
01140nam a2200301 a 4500 |
| 001 |
28200 |
| 003 |
BD-DhAAL |
| 005 |
20190523133328.0 |
| 008 |
141202s2008 maua b 001 0 eng |
| 999 |
|
|
|c 33182
|d 33182
|
| 010 |
|
|
|a 2007020845
|
| 020 |
|
|
|a 9780262720519 (pbk.)
|
| 040 |
|
|
|a DLC
|c DLC
|d DLC
|d BD-DhAAL
|
| 050 |
0 |
0 |
|a NA682.M63
|b V53 2008
|
| 082 |
0 |
0 |
|a 724.6
|2 22
|
| 100 |
1 |
|
|a Vidler, Anthony.
|9 6421
|
| 245 |
1 |
0 |
|a Histories of the immediate present :
|b inventing architectural modernism /
|c Anthony Vidler.
|
| 260 |
|
|
|a Cambridge, MA :
|b MIT Press,
|c c2008.
|
| 300 |
|
|
|a xvi, 239 p. :
|b ill. ;
|c 21 cm.
|
| 490 |
0 |
|
|a Writing architecture series
|
| 504 |
|
|
|a Includes bibliographical references and index.
|
| 526 |
|
|
|a ARC
|
| 541 |
|
|
|e 28200
|
| 650 |
|
0 |
|a Modern movement (Architecture)
|9 6422
|
| 650 |
|
0 |
|a Architecture
|x Historiography.
|9 6423
|
| 650 |
|
0 |
|a Architectural criticism
|z Europe
|x History
|y 20th century.
|9 6424
|
| 942 |
|
|
|2 ddc
|c BK
|
| 952 |
|
|
|0 0
|1 0
|2 ddc
|4 0
|6 724_600000000000000_VID
|7 0
|9 44294
|a BRACUL
|b BRACUL
|c GEN
|d 2014-12-02
|e Karim International
|g 1780.00
|l 1
|o 724.6 VID
|p 3010028200
|r 2021-12-23
|s 2021-12-15
|t 1
|w 2014-12-02
|y BK
|